| 000 | 01035cam a2200301 i 4500 | ||
|---|---|---|---|
| 001 | 3244838 | ||
| 003 | OSt | ||
| 005 | 20140310181629.0 | ||
| 008 | 800909s1980 ilu 001 0 eng | ||
| 010 | _a 80022186 | ||
| 020 |
_a083893255X : _c$4.25 (est.) |
||
| 040 |
_aDLC _cDLC _dDLC |
||
| 050 | 0 | 0 | _aZ695.95 .Al316 1980 |
| 082 | 0 | 0 |
_aTR 025.317 _219 _bAm3 1980 |
| 110 | 2 |
_aAmerican Library Association. _bFiling Committee. |
|
| 245 | 1 | 0 |
_aALA filing rules / _cFiling Committee, Resources and Technical Services Division, American Library Association. |
| 260 |
_aChicago : _bAmerican Library Association, _cc1980. |
||
| 300 |
_a50 p. : _c23 cm. |
||
| 500 | _a"Successor to A.L.A. rules for filing catalog cards (1942) and ALA rules for filing catalog cards, second edition (1968)." | ||
| 500 | _aIncludes index. | ||
| 520 | _a1. Alphabeting. | ||
| 521 | _aFaculty | ||
| 541 | _j1 | ||
| 562 | _e1 | ||
| 650 | 0 | _aLibrary filing rules. | |
| 906 |
_a7 _bcbc _corignew _du _eocip _f19 _gy-gencatlg |
||
| 942 |
_2lcc _cBK-TR _kTR |
||
| 999 |
_c437 _d437 |
||